| 000 | 00386 a2200109 4500 | ||
|---|---|---|---|
| 020 | _a8176257516 | ||
| 082 | _a808.0666 SHA | ||
| 100 | _aSharma, S. D. | ||
| 245 |
_aA Textbook of Scientific and Technical Communication Writing for Engineers and Professionals / _cS. D. Sharma |
||
| 260 |
_aNew Delhi : _bSarup and Sons, _c2007 |
||
| 300 |
_axx, 502p. : _bill. ; _c23 cm |
||
| 650 | _aScientific and Technical Communication | ||
| 999 |
_c2237 _d2237 |
||